Saltos en gimnasia: técnicas y métodos de enseñanza

Salvato in:
Dettagli Bibliografici
Autore principale: Kovaci, Nicolae (Autore)
Natura: Libro
Lingua:spagnolo
Pubblicazione: Ciudad de México Trillas 1982
Soggetti:
Tags: Aggiungi Tag
Nessun Tag, puoi essere il primo ad aggiungerne!!

MARC

LEADER 00000nam a2200000 a 4500
001 UCZ0820
003 CL-VaPUC
008 950809e19820700MX |||||||||||||||||spa|d
082 0 4 |a 796.41  |b KOV  |2 21 
100 |a Kovaci, Nicolae  |e author  |9 344571 
245 1 0 |a Saltos en gimnasia: técnicas y métodos de enseñanza 
300 |a 143 p 
942 |c BK 
945 |d 19950809 00:00:00  |a cmena 
260 |a Ciudad de México  |b Trillas  |c 1982 
650 7 |a GIMNASIA  |2 CL-VaPUC  |9 307275 
650 0 |a Métodos de enseñanza  |9 270413 
650 7 |a DEPORTE  |2 CL-VaPUC  |9 344145 
650 7 |a ENTRENAMIENTO ATLETICO  |2 CL-VaPUC  |9 344146 
650 7 |a SALTOS  |2 CL-VaPUC  |9 334248 
583 |a last modification  |c 19950809 00:00:00  |k Rodrigo Vera 
999 |c 237722  |d 237720 
952 |0 0  |1 0  |4 0  |6 796_410000000000000_KOV_1982  |7 0  |8 P  |9 247371  |a BIBEDU  |b BIBEDU  |c BIBEDU_PB  |d 2019-11-18  |i 1556150  |o 796.41 KOV 1982  |p 1556150  |r 2024-01-25  |w 2019-11-18  |y BK  |k EDU